| 000 | 00592nam a22002177a 4500 | ||
|---|---|---|---|
| 005 | 20150330053532.0 | ||
| 008 | 150330b xxu||||| |||| 00| 0 eng d | ||
| 020 | _a9780078799143 | ||
| 041 | 0 | _aeng | |
| 080 | _a514 | ||
| 245 |
_aGeometri : _cCummins Jerry |
||
| 260 |
_aUnited States of America ; _bGlencoe McGraw-Hill, _c2008 |
||
| 300 |
_a877 f.: _bme il.; _c27 cm |
||
| 505 | _aIndex: f. 862 - 878 | ||
| 650 | _aGjeometri | ||
| 700 | 1 | _aKanold Tim, | |
| 700 | 1 | _aKenney Margaret, | |
| 700 | 1 | _aMalloy Carol, | |
| 700 | 1 | _aMojica Yvonne | |
| 942 |
_2udc _cBK |
||
| 999 |
_c590 _d590 |
||